000 00285nam a2200109Ia 4500
008 221009s9999 xx 000 0 und d
082 _a400
100 _aGuider
_979384
245 0 _a50 प्रैक्टिस सेट्स हिन्‍दी
260 _bGuider
942 _cBK
999 _c65353
_d65353